00634 2200205 4500001002100000005001500021035002000036007000300056008004100059020001800100082001100118084001700129100002000146245004900166260003100215500013500246650002200381856001700403990000800420INLIS00000000000023620220314070158 a0010-0322000034ta220314 g 0 ind  a9786020935287 a297.63 a297.63 MOH r0 aMohamad Chandra1 aRasulullah :bKisah Hidup Sang Pemimpin Umat aJakarta :bErlangga,c2015 aRasulullah adalah contoh teladan dan panutan bagi kita. kehidupan baginda memaparkan kepada kita bagaimana kehidupan yang diridhai 4aNabi Muhammad SAW aKoleksi Umum a403